1469 1893 1682 1910 1273 1567 1011 1115 1297 1670 1597 1645 1820 1603 1411 1514 1689 1086 1009 1717 1598 1146 1859 1029 1964 1116 1849 1135 1666 1806 1315 1957 1726 1375 1039 1017 1376 1246 1425 1389 1976 1950 1267 1491 1825 1010 1617 1144 1009 1078 1612 1686 1259 1222 1208 1074 1117 1006 1110 1316 1795 1074 1293 1754 1738 1352 1928 1337 1970 1872 1170 1361 1971 1671 1865 1015 1314 1070 1308 1911 1656 1396 1300 1771 1292 1448 1589 1750 1176 1640 1408 1701 1746 1330 1596 1099 1505 1836 1228 BCNSPRNW ULIB Ver.6.0+V

เปลี่ยนเป็นภาษาไทย

Change to English
 แสดงรายละเอียดบรรณานุกรม
  กลับหน้าหลัก

Brief Record : Get Marc (ISO 2709) : E-mail record : QR code < ปิดหน้าต่าง
LEADER : 00000nam 2200000uu 4500
001    13399111603
003     ULIB
008    110627s||||||||th 000 0 tha d
020    9786165020060
090    นว.^bก832ค 2552
100 0  เก้าแต้ม
245 00 คิมหันต์มายา/^cเก้าแต้ม
250    พิมพ์ครั้งที่ 2
260    กรุงเทพฯ :^bสถาพรบุ๊คส์,^c2552
300    354 หน้า
945    ^p240^l0^i028088
995    ทศพร
999 ^a ใช้งานได้ทุกระบบ
รายการนี้ยังไม่มีแท็ก
คุณยังไม่ได้ล็อกอิน คุณสามารถมีกิจกรรมร่วมกับเว็บไซต์ได้ แต่ต้องล็อกอินก่อน ::
  ล็อกอิน

รายการสื่อสารสนเทศ

ลำดับที่ ประเภท เลขเรียก/บาร์โค้ด สถานที่ สถานะ
- ไม่พบข้อมูล -

รายการใกล้เคียง
    ผู้แต่ง [เก้าแต้ม]

BibComment


ยังไม่เคยถูกคอมเมนท์

คอมเมนท์ทรัพยากรรายการนี้
  คอมเมนท์: คิมหันต์มายา เก้า..


 Copyright 2026. Bcnsprnw @Library